<?xml version="1.0" encoding="UTF-8"?>
<collection xmlns="http://www.loc.gov/MARC21/slim">
 <record>
  <leader>00434pamaa2200145   4500</leader>
  <controlfield tag="001">0000032694</controlfield>
  <controlfield tag="005">20060404090000.0</controlfield>
  <datafield tag="020" ind1="0" ind2="0">
   <subfield code="a">0125920601 </subfield>
  </datafield>
  <datafield tag="082" ind1=" " ind2=" ">
   <subfield code="a">546 ROD 2002</subfield>
  </datafield>
  <datafield tag="090" ind1="0" ind2="0">
   <subfield code="a">QD154.5 </subfield>
   <subfield code="b">ROD 2002</subfield>
  </datafield>
  <datafield tag="100" ind1="1" ind2="0">
   <subfield code="a">RODGERS </subfield>
  </datafield>
  <datafield tag="245" ind1="1" ind2="0">
   <subfield code="a">Descriptive inorganic, coordination and solid-state chemistry  </subfield>
   <subfield code="c">Glen E. Rodgers.</subfield>
  </datafield>
  <datafield tag="260" ind1="0" ind2="0">
   <subfield code="a">Victoria: </subfield>
   <subfield code="b">Brooks/Cole-Thomson Learning, </subfield>
   <subfield code="c">2002.</subfield>
  </datafield>
  <datafield tag="300" ind1=" " ind2=" ">
   <subfield code="a">xxii, 586p.: </subfield>
   <subfield code="b">26cm.</subfield>
  </datafield>
  <datafield tag="650" ind1="0" ind2="0">
   <subfield code="a">Chemistry, Inorganic </subfield>
  </datafield>
 </record>
</collection>
